| 000 | 00792nam a2200241 i 4500 | ||
|---|---|---|---|
| 001 | 105537 | ||
| 003 | ES-MaACL | ||
| 005 | 20240223063030.0 | ||
| 007 | t| | ||
| 008 | 060724s1943 ag ||||1| spa d | ||
| 080 | _a929 Koestler, Arthur | ||
| 080 | _a821.111-94"19" | ||
| 080 | _a94(44)"1939/45"(093.3) | ||
| 100 | 1 |
_aKoestler, Arthur, _d1905-1983 _968460 |
|
| 245 | 1 | 0 |
_aEscoria de la tierra / _cArturo Koestler ; traducción de Román A. Jiménez. |
| 260 |
_aBuenos Aires : _bEditorial Sudamericana, _c[1943] |
||
| 300 |
_a334 p. ; _c21 cm. |
||
| 500 | _aBiblioteca Juan Andrade. | ||
| 651 | 4 |
_aFrancia- _xHistoria- _y1939-1945- _vRelatos personales. _98698 |
|
| 700 | 1 |
_aJiménez, Román A. _966438 |
|
| 852 |
_aES-MaACL _jAND-348 _bR.109563 |
||
| 999 |
_c105537 _d105537 |
||